Normal view
MARC view
- Haq, S. Moinul
Entry Personal Name
001 - CONTROL NUMBER
- control field: 48954
003 - CONTROL NUMBER IDENTIFIER
- control field: NUST
005 - DATE AND TIME OF LATEST TRANSACTION
- control field: 20210314134212.0
008 - FIXED-LENGTH DATA ELEMENTS
- fixed length control field: 210314|| aca||aabn | a|a d
040 ## - CATALOGING SOURCE
- Original cataloging agency: NUST
- Transcribing agency: NUST
100 ## - HEADING--PERSONAL NAME
- Personal name: Haq, S. Moinul
670 ## - SOURCE DATA FOUND
- Source citation: Work cat.: (NUST): Haq, S. Moinul, The Great Revolution of 1857., 1968.
